000 00617nam a2200217 a 4500
001 12834
003 CO-ViMGA
008 141112s2004 ck r 000 u spa d
040 _aCO-ViMGA
_bspa
_cCO-ViMGA
082 0 4 _a611.84 G87p
100 1 _aGutierrez, Beltrán Miguel
_918635
245 1 0 _aLa Pupila :
_bAnatomía, Fisología, Patología, examen Diagnóstico Diferencial
250 _a1
260 _aBogotá :
_bAcademia Nacional de Medicina,
_c1989
300 _a97p.
650 1 4 _aANATOMIA
650 1 4 _aDIAGNOSTICO
_918636
650 1 4 _aENFERMEDADES
_950295
650 1 4 _aPUPILA
_918637
942 _2ddc
_cBK
999 _c23763
_d23763